| 000 | 00737nam a2200289Ia 4500 | ||
|---|---|---|---|
| 005 | 20260324122851.0 | ||
| 008 | 008 260324s9999 xx 000 0 eng d | ||
| 020 | _a9781003446149 | ||
| 037 | _aEBOOK | ||
| 040 | _aCRL | ||
| 040 | _beng | ||
| 040 | _cCRL | ||
| 041 | _2eng | ||
| 041 | _aeng | ||
| 084 | _qCRL | ||
| 100 |
_aAshley Tull; Linda Kuk _91168132 |
||
| 245 | 0 | _aNew Realities in the Management of Student Affairs | |
| 245 | 0 | _bEmerging Specialist Roles and Structures for Changing Times | |
| 260 | _bTaylor and Francis | ||
| 260 | _c2012 | ||
| 365 | _a | ||
| 365 | _b230 | ||
| 856 | _uhttp://www.taylorfrancis.com/books/9781003446149 | ||
| 942 | _cEBOOK | ||
| 999 |
_c1761179 _d1761179 |
||